000 00548nam a22002057a 4500
003 OSt
005 20240415173606.0
008 240412b |||||||| |||| 00| 0 eng d
020 _a9780521715959
040 _cDDC
082 _a516 DOR 2003
100 _4Lasenby, Anthon; Doran, Chris
245 _aGeometric Algebra for Physicits
260 _aUK;
_bCambridge university,
_c2007
300 _axiii,578 p;
_bIll:
_c24.6cm
504 _aBibliography,index included
650 _aGeometry
_912062
650 _aMathematics
942 _2ddc
_cBOOK
999 _c8292
_d8292